• 首页
  • 本馆介绍
  • 公告通知
  • 最新文献
  • 馆藏检索
  • 电子资源
  • 读者导购
  • 参考咨询
  • 我的图书馆
  • 登录
  • 详细信息显示
  • 放入我的书架
  • 预约/预借图书
  • 作者相关作品
  • 分类相关作品
  • 丛书相关作品
  • 出版社相关作品

书目信息

  • 表格格式
  • 工作单格式
  • 卡片格式
题名:
中国初中生新新语段描写精品大全
    
 
作者: ;全国名校联合 编写
分册:  
出版信息: 长春   吉林教育出版社  2000
页数: 11, 468页
开本: 20cm
丛书名: 小作家文库
单 册:
中图分类: G624.24
科图分类:
主题词: 描写 , 作文 , 作文--描写--小学--教学参考资料
电子资源:
ISBN: 7-5383-4056-4
000 01207nam0 2200349 450
000 01172nam0 2200337 450
000 01135nam0 2200325 450
000 00996nam0 2200313 450
000 00959nam0 2200301 450
000 00892oam2 2200277 450
001 0104000024
005 20061012152020.38
010    @a7-5383-4056-4@dCNY16.80
100    @a20051124d2000 cemy0chiy0110 ea
101 0  @achi
102    @aCN@b220000
105    @ay z 000yy
200 1  @a中国初中生新新语段描写精品大全@Azhong guo chu zhong sheng xin xin yu duan miao xie jing pin da quan@f全国名校联合编写@Fquan guo ming xiao lian he bian xie
210    @a长春@c吉林教育出版社@d2000
215    @a11, 468页@d20cm
225 2  @a小作家文库
330    @a本书是全国名校小学生语段描写。分5部分:“写人”、“写事”、“写活动”、“写景”、“状物”、等。
461  0 @12001 @a小作家文库
606 0  @a描写
606 0  @a作文
606 0  @a作文@x描写@x小学@j教学参考资料
690    @aG624.24@v4
711  0 @a全国名校联合@Aquan guo ming xiao lian he@4编写
801  0 @aCN@b北京荣雅伟业图书经销中心@c20061012
905    @aBZT@dG624.24@e1
906    @dCNY16.80@n0@r1
    
    中国初中生新新语段描写精品大全/全国名校联合编写.-长春:吉林教育出版社,2000
    11, 468页;20cm.-(小作家文库)
    
    
    ISBN 7-5383-4056-4:CNY16.80
    本书是全国名校小学生语段描写。分5部分:“写人”、“写事”、“写活动”、“写景”、“状物”、等。
●
相关链接 在五车中查询图书 在当当中查询图书 在豆瓣中查询图书


正题名:中国初中生新新语段描写精品大全     索取号:G624.24/1         预约/预借

序号 登录号 条形码 馆藏地/架位号 状态 备注
1 499416   230019432   中心书库北库/ 北库030架A面1列2层24/ [索取号:G624.24/1] 在馆    
2 499417   230019434   中心书库北库/ 北库030架A面1列2层25/ [索取号:G624.24/1] 在馆    
3 499418   230019433   中心书库北库/ 北库030架A面1列2层23/ [索取号:G624.24/1] 在馆    
4 499419   230019435   中心书库北库/ 北库030架A面1列2层26/ [索取号:G624.24/1] 在馆    
5 499420   230019436   中心书库北库/ 北库030架A面1列2层27/ [索取号:G624.24/1] 在馆    
山东省滨州职业学院图书馆 欢迎您!
大连网信软件有限公司© 版权所有